Schism and continuity in an African society: a study of Ndembu village life (Record no. 57046)

MARC details
000 -LEADER
fixed length control field 00610nam a2200157 a 4500
008 - FIXED-LENGTH DATA ELEMENTS--GENERAL INFORMATION
fixed length control field 120416s1957 ||||||||||||||||| || u
050 ## - LIBRARY OF CONGRESS CALL NUMBER
Classification number GN 490 Tur
100 ## - MAIN ENTRY--PERSONAL NAME
Personal name Turner, Victor Witter
245 10 - TITLE STATEMENT
Title Schism and continuity in an African society: a study of Ndembu village life
260 ## - PUBLICATION, DISTRIBUTION, ETC.
Place of publication, distribution, etc. (Manchester)
Name of publisher, distributor, etc. Manchester University
Date of publication, distribution, etc. 1957
300 ## - PHYSICAL DESCRIPTION
Extent xxiii, 348p. : ill.
350 ## - PRICE (NR) (BK AM CF MU VM SE) [OBSOLETE]
Price 0.00
650 ## - SUBJECT ADDED ENTRY--TOPICAL TERM
Topical term or geographic name entry element VILLAGE LIFE--NDEMBU TRIBE
650 #0 - SUBJECT ADDED ENTRY--TOPICAL TERM
Topical term or geographic name entry element SOCIOLOGY
995 ## - RECOMMENDATION 995 [LOCAL, UNIMARC FRANCE]
-- 0.00
-- CBU-MAIN LIBRARY (Kitwe)
-- 1
-- 6.00
-- 1
-- AVAILABLE
-- Main Library Open Access Collection
Holdings
Withdrawn status Lost status Source of classification or shelving scheme Damaged status Not for loan Home library Current library Shelving location Date acquired Total Checkouts Full call number Barcode Date last seen Price effective from Koha item type
          CBU-MAIN LIBRARY, KITWE. CBU-MAIN LIBRARY, KITWE.   11/30/2022   GN 490 Tur 000662 11/30/2022 11/30/2022 MONOGRAPH